000 00319nam a2200109Ia 4500
008 171204s9999 xx 000 0 und d
245 2 _aA Practical Guide to Indie Game Marketing:
245 _cJoel Dreskin
260 _c2015
650 _xMARKETING MANAGEMENT
856 _uhttp://down.ebook777.com/037/9781138801547.pdf
999 _c347060
_d347060